000
00244nam a22001097a 4500
082
_a
294/CHO
100
_a
Chopara,Krishan
_9
82310
245
_a
Om Prayers Of Yajna
260
_a
UK
_b
Krishan Chopra Foundation
650
_a
Religion
942
_c
BK
999
_c
66774
_d
66774